000 00885nam a2200265Ia 4500
001 21978
005 20260320113330.0
008 260320s9999||||xx |||||||||||||| ||und||
020 _a9786123179700
041 _aESP
082 _a364.1323
_bP27
100 _aPásara, Luis,
_eAUT
245 0 _aEl Perú como obsesión :
_bel país realmente existente/ Actores de la escena pública
246 _a
_5
_b
250 _aPrimera edición
260 _aLima :
_bPontificia Universidad Católica del Perú. Fondo Editorial,
_c2024
300 _a414 páginas :
_b
_c24 cm.
_e
440 _a
_n
_v
650 _aCIS
653 _aCiencia política; Corrupción (Política) - Perú; Liderazgo político
654 _aCAN
700 _a
_c
856 _uhttps://0u20jmxzk-y-https-www-jstor-org.itmsp.museknowledge.com/
_zVéase además: Base de datos JSTOR
942 _cLIB
_dJUS
_fMAT
_2ddc
_n
999 _c21978
_d21978